The shaping of Southern politics : (Record no. 200045)
[ view plain ]
| 000 -LEADER | |
|---|---|
| fixed length control field | 01133nam a2200313 a 4500 |
| 001 - CONTROL NUMBER | |
| control field | vtls000195837 |
| 003 - CONTROL NUMBER IDENTIFIER | |
| control field | NLI |
| 005 - DATE AND TIME OF LATEST TRANSACTION | |
| control field | 20210602113028.0 |
| 008 - FIXED-LENGTH DATA ELEMENTS--GENERAL INFORMATION | |
| fixed length control field | 101125s1974 ctu 001 0 eng |
| 020 ## - INTERNATIONAL STANDARD BOOK NUMBER | |
| International Standard Book Number | 0300016964 : |
| Terms of availability | USD 15.00 |
| 039 #9 - LEVEL OF BIBLIOGRAPHIC CONTROL AND CODING DETAIL [OBSOLETE] | |
| -- | 201011252321 |
| -- | VLOAD |
| 040 0# - CATALOGING SOURCE | |
| Original cataloging agency | NLI |
| Language of cataloging | eng |
| Transcribing agency | Datasoft 1 |
| Description conventions | AACR2 |
| 041 0# - LANGUAGE CODE | |
| Language code of text/sound track or separate title | eng |
| 044 ## - COUNTRY OF PUBLISHING/PRODUCING ENTITY CODE | |
| MARC country code | ctu |
| 082 04 - DEWEY DECIMAL CLASSIFICATION NUMBER | |
| Classification number | 324.75 |
| 100 1# - MAIN ENTRY--PERSONAL NAME | |
| Personal name | Kousser, J. Morgan |
| 9 (RLIN) | 219067 |
| 245 14 - TITLE STATEMENT | |
| Title | The shaping of Southern politics : |
| Remainder of title | suffrage restriction and the establishment of the one-party South, 1880-1910 / |
| Statement of responsibility, etc. | J. Morgan Kousser |
| 260 ## - PUBLICATION, DISTRIBUTION, ETC. | |
| Place of publication, distribution, etc. | New Haven, Conn. : |
| Name of publisher, distributor, etc. | Yale University Press, |
| Date of publication, distribution, etc. | 1974 |
| 300 ## - PHYSICAL DESCRIPTION | |
| Extent | xvii, 319 p. ; |
| Dimensions | 25 cm. |
| 440 #0 - SERIES STATEMENT/ADDED ENTRY--TITLE | |
| Title | Yale historical publications. |
| Name of part/section of a work | Miscellany ; |
| Volume/sequential designation | 102 |
| 9 (RLIN) | 175896 |
| 500 ## - GENERAL NOTE | |
| General note | Includes index |
| 650 #0 - SUBJECT ADDED ENTRY--TOPICAL TERM | |
| Topical term or geographic name entry element | Suffrage |
| Geographic subdivision | Southern States |
| General subdivision | History |
| 9 (RLIN) | 374421 |
| 651 #0 - SUBJECT ADDED ENTRY--GEOGRAPHIC NAME | |
| Geographic name | Southern States |
| General subdivision | Politics and government |
| Chronological subdivision | 1865-1950 |
| 9 (RLIN) | 366859 |
| 887 ## - NON-MARC INFORMATION FIELD | |
| Content of non-MARC field | |
| 901 ## - LOCAL DATA ELEMENT A, LDA (RLIN) | |
| a | 416474 |
| b | 28.2.1975 |
| 902 ## - LOCAL DATA ELEMENT B, LDB (RLIN) | |
| a | E 324.75 K 849 |
| 942 ## - ADDED ENTRY ELEMENTS (KOHA) | |
| Source of classification or shelving scheme | Dewey Decimal Classification |
| Koha item type | Books |
| Withdrawn status | Lost status | Damaged status | Not for loan | Collection code | Home library | Current library | Shelving location | Date acquired | Total Checkouts | Full call number | Date last seen | Price effective from | Koha item type |
|---|---|---|---|---|---|---|---|---|---|---|---|---|---|
| New English | National Library of India | National Library of India | New English - Main Stack Division | E 324.75 K 849 | 02/06/2021 | 02/06/2021 | Books |
